LEADER 01135nam a2200265 i 4500 001 000000241613 003 CaOOAMICUS 005 20181024111835.0 008 150507s1980 it u000 u ita u 013 $a220518 040 $aSeMil$bita 100 1 $aGras, Christian.$0(OLS)http://semarc/name/81794 240 14$aLes états marxistes-léninistes de 1917 à nos jours.$0(OLS)http://semarc/title/343383 245 14$aGli Stati Marxisti-Leninisti dal 1917 ad oggi /$cChristian Gras. 260 $aRoma :$bCittà Nuova,$c1980. 300 $a202 p. ;$c20 cm. 490 0 $aCollana di storia [Città nuova] ;$v5 500 $aContiene : Indicazioni bibliografiche. 650 4$aPaesi comunisti - 1917-1977.$0(OLS)http://semarc/subject/42368 830 0$aCollana di storia ;$v5.$0(OLS)http://semarc/title/43218 850 $aSeMil 852 $aSeMil$W1$xVenegono$y1$m3N III 287$j191959$B191959$CSeMilBibl$Z2$F202746 $81 996 $6245$aGli Stati Marxisti-Leninisti dal 1917 ad oggi$9(OLS)http://semarc/title/343382 996 $6260$aRoma :$bCittà Nuova$9(OLS)http://semarc/publisher/29609 LEADER 01122nam a2200241 i 4500 001 000000187386 003 CaOOAMICUS 005 20100315000000.0 008 100315s1912 it u000 u ita u 013 $a165453 040 $aSeMil$bita 100 1 $aColletti, Arturo,$c.$0(OLS)http://semarc/name/30585 245 13$aLa S. Scrittura impugnata dal modernismo :$bnei libri di p. Giovanni Semeria barnabita /$cArturo Colletti. 260 $aPerugia :$bTip. G. Squartini,$c1912. 300 $a118 p. ;$c22 cm. 600 14$aSemeria, Giovanni <1867-1931>.$0(OLS)http://semarc/subject/36475 650 4$aBibbia.$0(OLS)http://semarc/subject/3206 650 4$aModernismo.$0(OLS)http://semarc/subject/674 700 1 $aSemeria, Giovanni,$c.$0(OLS)http://semarc/name/4219 850 $aSeMil 852 $aSeMil$W1$xVenegono$y1$m2X III 80$j138073$B138073$CSeMilBibl$Z2$F149548 $81 996 $6245$aLa S. Scrittura impugnata dal modernismo :$bnei libri di p. Giovanni Semeria barnabita$9(OLS)http://semarc/title/269539 996 $6260$aPerugia :$bTip. G. Squartini$9(OLS)http://semarc/publisher/50004